| 000 | 00500nam a2200133 a 4500 | ||
|---|---|---|---|
| 001 | 000036590 | ||
| 005 | 20200930075820.0 | ||
| 008 | 120120s1978 es 000 0 spa d | ||
| 040 |
_aDO-SdBNP _bspa _cBNPHU |
||
| 100 | 1 |
_aMason, E. J. _962863 |
|
| 245 | 1 | 0 |
_aNormas de calidad de enfermeria : _bmétodos de elaboración / _cE.J. Mason ; revisión de la edición española Pilar Vilagrasa Ortí ; traducción Margarita Mogás Oliva. |
| 260 |
_aBarcelona : _bDoyma, _c1978. |
||
| 300 |
_aXVI, 279 p. ; _c22 cm. |
||
| 999 |
_c36081 _d36081 |
||